| 000 | 00861nam a2200265Ia 4500 | ||
|---|---|---|---|
| 001 | Para_8665 | ||
| 003 | CHAP | ||
| 008 | 220125s9999 xx 000 0 und d | ||
| 010 | _a207476 | ||
| 040 | _cCHAP | ||
| 082 | _aPA-C 595.752 A6 | ||
| 100 |
_aTakahashi, Ryoichi _9111377 |
||
| 245 |
_aA new mindarus from Japan (Aphididae) / _c by Ryoichi Takahashi |
||
| 300 | _a2 p. | ||
| 440 |
_aAphidae; 30 _9174064 |
||
| 500 | _aSobretiro de: Transactions of the natural history of Formosa, 21 (114): 137-139, 1931. Encuadernado con otros impresos similares | ||
| 650 |
_a _x Afididos _x Colecciones de escritos _x Afididos _x Japon _x Mindarus abictinus _9174070 |
||
| 901 | _aPA-C 595.752 A6 | ||
| 902 | _aA | ||
| 905 | _a000000 0000000000 00 | ||
| 910 | _a | ||
| 942 | _cPARA | ||
| 942 |
_cPARA _d1 |
||
| 999 |
_c207476 _d207476 |
||